| 000 | 00604nam a2200193Ii 4500 | ||
|---|---|---|---|
| 003 | JO-AjNU | ||
| 008 | 230605s9999||||xx |||||||||||||| ||und|| | ||
| 040 |
_aJO-AjNU _bara _erda _cJO-AjNU |
||
| 041 | _aara | ||
| 050 | 1 | 4 | _aPR2833.A3.A69 1986 |
| 100 | 3 |
_aشكسبير، وليم, _eauthor _937072 |
|
| 245 | 0 | 0 | _aالعاصفة |
| 264 | 3 | 1 | _aبيروت: دار مكتبة الحياة،1986 |
| 300 | _a133ص | ||
| 336 |
_atext _btxt _2rdacontent |
||
| 337 |
_aunmediated _bn _2rdamedia |
||
| 338 |
_avolume _bnc _2rdacarrier |
||
| 650 | 4 |
_aالمسرح الإنجليزي - وليم شكسبير _937073 |
|
| 999 |
_aA15458 _c19026 _d19026 |
||